One Tree Hill Cast Names - Statistics

General Stats
  • This quiz has been taken 191 times
  • The average score is 36 of 49
Answers on the Grid
Answers color-coded by a green-red scale on the quiz's grid according to % correct below.
Lucas
Peyton
Brooke
Haley
Nathan
Mouth
Deb
Keith
Dan
Karen
Skills
Jamie
Millicent
Whitey
Julian
Clay
Quinn
Rachel
Fergie
Chase
Alex
Victoria
Junk
Bevin
Mia
Tim
Chuck
Chris
Jake
Sam
Andy
Gigi
Lindsey
Q
Carrie
Owen
Felix
Anna
Jules
Nicki
Grubbs
Ellie
Cooper
Erika
Derek
Larry
Daunte
Bear
Pete
Sally
Susie
Tony
Ryan
Brandon
George
Lisa
Annie
Lewis
Tom
Richard
 
Answer Stats
Answer % Correct
Dan
93%
Nathan
92%
Brooke
91%
Mouth
91%
Peyton
90%
Karen
89%
Keith
88%
Lucas
88%
Deb
87%
Haley
87%
Rachel
87%
Jake
86%
Skills
85%
Quinn
84%
Whitey
82%
Jamie
81%
Julian
78%
Lindsey
78%
Carrie
77%
Chase
77%
Felix
77%
Bevin
76%
Tim
75%
Chris
74%
Millicent
74%
Q
74%
Nicki
72%
Mia
71%
Anna
70%
Clay
69%
Fergie
69%
Victoria
69%
Cooper
68%
Gigi
66%
Alex
64%
Derek
64%
Jules
64%
Chuck
62%
Andy
61%
Daunte
61%
Ellie
61%
Owen
61%
Junk
60%
Sam
58%
Pete
54%
Erika
53%
Larry
52%
Grubbs
48%
Bear
34%
No matching quizzes found
Score Distribution
Percent of People with Each Score
Percentile by Number Answered
Your Score History
You have not taken this quiz